| 000 | 00465nam a2200157Ia 4500 | ||
|---|---|---|---|
| 999 |
_c20874 _d20874 |
||
| 003 | OSt | ||
| 005 | 20200630103807.0 | ||
| 008 | 190216s9999||||xx |||||||||||||| ||und|| | ||
| 040 | _coclc | ||
| 082 |
_a934 _bTHA/R |
||
| 100 |
_aThapar, Romila _9444 |
||
| 245 | 0 |
_aRecent Perspectives Of Early Indian History / _cRomila Thapar |
|
| 260 |
_bPopular Prakashan, _c1998. _aNew Delhi: |
||
| 300 | _a371p | ||
| 942 |
_cBK _2ddc _h934 _iTHA/R _k934 _mTHA/R |
||